Εβραϊκή ιστορία και μνήμη

Αποθηκεύτηκε σε:
Λεπτομέρειες βιβλιογραφικής εγγραφής
Κύριος συγγραφέας: Hassoun, Jacques
Άλλοι συγγραφείς: Todorov, Tzvetan, 1939-2017, Βαρών, Οντέτ, 1957- (edtf)
Μορφή: Βιβλίο
Γλώσσα:Greek
Δημοσίευση: Αθήνα : Πόλις, 1998.
Θέματα:
Ετικέτες: Προσθήκη ετικέτας
Δεν υπάρχουν, Καταχωρήστε ετικέτα πρώτοι!

MARC

LEADER 00000cam a2200000 i 4500
001 1/2162
008 000421s1998 gr | ||| |||| ||gre||
020 |a 960747869X 
035 |l 10060300 
040 |a GR-MY-UA  |b gre  |e aacr 
041 0 |a gre 
082 7 |a 909.04924   |2 (22) 
100 1 |a Hassoun, Jacques. 
245 1 0 |a Εβραϊκή ιστορία και μνήμη /   |c Jacques Hassoun...[et al.]. Οι καταχρήσεις της μνήμης ; Τσβετάν Τοντοροφ ; επιμέλεια: Οντέτ Βαρών-Βασάρ.  
260 |a Αθήνα :   |b Πόλις,   |c 1998.  
300 |a 202 σ. ;   |c 24 εκ.  
500 |a Ο τόμος σχεδιάστηκε και εκπονήθηκε με την επιστημονική συνεργασία της Εταιρείας Μελέτης Ελληνικού Εβραϊσμού 
650 0 0 |a Jews. 
650 0 0 |a Jews  |x History. 
700 1 |a Todorov, Tzvetan,   |d 1939-2017. 
700 1 |a Βαρών, Οντέτ,   |d 1957-  |e edtf 
852 |a INST  |b LESVOS  |e 20000421  |h 909.04924 ΕΒΡ  |p 005100023103  |q 005100023103  |t BK  |y 4  |x 20200904 
901 |a BIBL1-2000-1 
909 |a Λ  |b 069567 
920 |a ΤMHMA ΚΟINΩΝΙΚΗΣ ΑΝΘΡΩΠΟΛΟΓΙΑΣ  |y Λέσβος  |z 1999-10 
970 |a ΚΑΜΑΤΣΟΥ  |b ΔΕΣΠΟΙΝΑ  |z 2000/04/21